Largest Airlines in Different Categories - Statistics

General Stats
  • This quiz has been taken 49 times
  • The average score is 17 of 24
Answer Stats
Scheduled Passenger-Kilometers Flown % Correct
American
95%
British
95%
Emirates
95%
Air China
92%
China Eastern
92%
China Southern
92%
Delta
92%
Air France
89%
United
87%
Lufthansa
84%
SkyWest
82%
Southwest
82%
KLM
79%
Turkish
79%
Qatar
76%
Ryanair
68%
Korean
58%
easyJet
50%
Cathay Pacific
42%
FedEx
42%
Ethiopian
37%
UPS
34%
Wizz
21%
Cargolux
18%
No matching quizzes found
Score Distribution
Percent of People with Each Score
Percentile by Number Answered
Your Score History
You have not taken this quiz